000 00521cam a2200217ua 4500
001 2604
005 20260515113532.0
008 110829n ii |||gr||||Z||||||asm
020 _a81-7206-189-4
040 _cMAIN
082 _a410
100 1 _aPadun, Nahendra,
245 1 1 _aBhasar tattva kotha
_cby Nahendra Padun
250 _a1st.
260 _aDibrugarh:
_bbani Mandir,
_c2004.
300 _a362p:
_c23cm.
653 _aLanguage
653 _aAssamese language
653 _aBhasar tattva kotha
942 _cBK
999 _c2455
_d2455